Dalaʾil al-Khayrat : (Record no. 4262)

000 -LEADER
fixed length control field nam a22 a 4500
005 - DATE AND TIME OF LATEST TRANSACTION
control field 20170526103513.0
008 - FIXED-LENGTH DATA ELEMENTS--GENERAL INFORMATION
fixed length control field 170526b2016 my ||||| |||| 00| 0 eng d
020 ## - INTERNATIONAL STANDARD BOOK NUMBER
International Standard Book Number 9789832591122
020 ## - INTERNATIONAL STANDARD BOOK NUMBER
International Standard Book Number 9832591120
040 ## - CATALOGING SOURCE
Original cataloging agency AKMAL
082 ## - DEWEY DECIMAL CLASSIFICATION NUMBER
Classification number 11.31074595 NUR
090 ## - LOCALLY ASSIGNED LC-TYPE CALL NUMBER (OCLC); LOCAL CALL NUMBER (RLIN)
Classification number (OCLC) (R) ; Classification number, CALL (RLIN) (NR) 11.31074595
Local cutter number (OCLC) ; Book number/undivided call number, CALL (RLIN) NUR
100 1# - MAIN ENTRY--PERSONAL NAME
Personal name Barakat, Heba Nayel,
9 (RLIN) 8331
245 10 - TITLE STATEMENT
Title Dalaʾil al-Khayrat :
Remainder of title prayer manuscripts from the 16th to 19th centuries /
Statement of responsibility, etc. writer, Nurul Iman Rusli ; advisor & editors, Dr. Heba Nayel Barakat dan Amira Salleh.
264 ## - PRODUCTION, PUBLICATION, DISTRIBUTION, MANUFACTURE, AND COPYRIGHT NOTICE
Place of production, publication, distribution, manufacture Kuala Lumpur :
Name of producer, publisher, distributor, manufacturer Islamic Arts Museum Malaysia,
Date of production, publication, distribution, manufacture, or copyright notice [2016]
300 ## - PHYSICAL DESCRIPTION
Extent 180 pages :
Other physical details color illustrations ;
Dimensions 26 x 29cm
500 ## - GENERAL NOTE
General note In conjuntion with the exhibition 'Dalaʾil al-Khayrat : prayer manuscripts from the 16th-19th centuries' which was launched at the Islamic Arts Museum Malaysia on 11th March 2016." -- T.p. verso
504 ## - BIBLIOGRAPHY, ETC. NOTE
Bibliography, etc. note Includes bibliographical references (pages 174-175) and index.
546 ## - LANGUAGE NOTE
Language note In English.
599 ## - LOCAL NOTE
Local Note DALAM PROSES
650 #0 - SUBJECT ADDED ENTRY--TOPICAL TERM
Topical term or geographic name entry element Prayer
General subdivision Islam.
9 (RLIN) 1518
700 0# - ADDED ENTRY--PERSONAL NAME
Personal name Nurul Iman Rusli,
Relator term author
9 (RLIN) 8332
700 0# - ADDED ENTRY--PERSONAL NAME
Personal name Amira Salleh,
Relator term editor.
9 (RLIN) 8333
942 ## - ADDED ENTRY ELEMENTS (KOHA)
Source of classification or shelving scheme
Koha item type Book
Holdings
Withdrawn status Lost status Source of classification or shelving scheme Damaged status Not for loan Collection code Home library Current library Shelving location Date acquired Inventory number Total Checkouts Total Renewals Full call number Barcode Date last seen Date last checked out Price effective from Koha item type
          NON-FICTION AKMAL Melaka AKMAL Melaka PINJAMAN 26.05.2017 000719 9 4 11.31074595 NUR 201705905 26.09.2018 04.09.2018 26.05.2017 Book
Pusat Sumber Maklumat Dato' Haji Sarmin Md Hussin, Akademi Kastam Diraja Malaysia, Melaka
Tel: 06-2331106 | Faks: 06-2313787